00462nam a22001577a 450000500170000001000150001702000260003203500140005803700090007208200110008110000210009224500630011326000510017627000550022730000220028220220201112152.0 aENG-131338 a9788194918394c425.00 aEN-114870 bDBAD a954.09 aJha, Sanjay Nath aIndus To Independence Series Moern India/cSanjay Nath Jha aNew DelhibIntegrity Education Pvt. Ltd.c2021 bNew Delhia4598/15-B, 1st Floor, Daryaganje110002 a322 p.c24cm(pbk)